Design and construction (Record no. 113180)
[ view plain ]
| 000 -LEADER | |
|---|---|
| fixed length control field | 01323cad a22002535a 4500 |
| 001 - CONTROL NUMBER | |
| control field | L154822 |
| 008 - FIXED-LENGTH DATA ELEMENTS--GENERAL INFORMATION | |
| fixed length control field | 120120s2010 xxk f 000 0 eng d |
| 035 ## - SYSTEM CONTROL NUMBER | |
| System control number | (Sirsi) u154822 |
| 041 0# - LANGUAGE CODE | |
| Language code of text/sound track or separate title | eng |
| 110 2# - MAIN ENTRY--CORPORATE NAME | |
| Corporate name or jurisdiction name as entry element | Olympic Delivery Authority |
| 9 (RLIN) | 5117 |
| 245 00 - TITLE STATEMENT | |
| Title | Design and construction |
| Remainder of title | health, safety and environment standard, March 2010 |
| Medium | [electronic resource] |
| 250 ## - EDITION STATEMENT | |
| Edition statement | 4th ed., second revision |
| 260 ## - PUBLICATION, DISTRIBUTION, ETC. | |
| Place of publication, distribution, etc. | London |
| Name of publisher, distributor, etc. | ODA |
| Date of publication, distribution, etc. | 2010 |
| 505 2# - FORMATTED CONTENTS NOTE | |
| Formatted contents note | Introduction -- Management of arrangements -- Pre-qualification and tendering guidance -- Design -- Construction site risk management -- Construction site management of HSandE -- Transport |
| 520 ## - SUMMARY, ETC. | |
| Summary, etc. | The Olympic Delivery Authority (ODA) will create the Olympic Park and venues for the London 2012 Olympic Games and Paralympic Games. This is a detailed examination of the policy and standards that ODA health, safety and environmental management requires for all staff, accountable directors, stakeholders and suppliers. |
| 590 ## - LOCAL NOTE (RLIN) | |
| Local note | KA |
| 650 24 - SUBJECT ADDED ENTRY--TOPICAL TERM | |
| Topical term or geographic name entry element | OLYMPIC GAMES 2012 |
| 651 #4 - SUBJECT ADDED ENTRY--GEOGRAPHIC NAME | |
| Geographic name | United Kingdom |
| Chronological subdivision | |
| 690 ## - LOCAL SUBJECT ADDED ENTRY--TOPICAL TERM (OCLC, RLIN) | |
| Topical term or geographic name as entry element | Construction management |
| 9 (RLIN) | 6230 |
| 690 ## - LOCAL SUBJECT ADDED ENTRY--TOPICAL TERM (OCLC, RLIN) | |
| Topical term or geographic name as entry element | Project management |
| 9 (RLIN) | 6261 |
| 690 ## - LOCAL SUBJECT ADDED ENTRY--TOPICAL TERM (OCLC, RLIN) | |
| Topical term or geographic name as entry element | Health and safety |
| 9 (RLIN) | 6244 |
| 856 40 - ELECTRONIC LOCATION AND ACCESS | |
| Uniform Resource Identifier | <a href="https://www.london2012.com/documents/oda-publications/hse-standard.pdf">https://www.london2012.com/documents/oda-publications/hse-standard.pdf</a> |
| Public note | View the document at www.london2012.com |
| 942 ## - ADDED ENTRY ELEMENTS (KOHA) | |
| Suppress in OPAC | 0 |
| Withdrawn status | Lost status | Source of classification or shelving scheme | Damaged status | Not for loan | Home library | Current library | Shelving location | Date acquired | Total Checkouts | Full call number | Barcode | Date last seen | Copy number | Price effective from | Koha item type |
|---|---|---|---|---|---|---|---|---|---|---|---|---|---|---|---|
| Dewey Decimal Classification | Virtual | Virtual | Online | 20/01/2012 | ONLINE PUBLICATION | 154822-2001 | 06/08/2019 | 1 | 06/08/2019 | Book |